[Event "Sachsen-Anhalt Landesliga-B 1920"]
[Site "Sachsen Anhalt"]
[Date "2019.11.17"]
[Round "3.6"]
[White "Hoericht, Michael"]
[Black "Kipka, Eberhard"]
[Result "1-0"]
[WhiteElo "1604"]
[BlackElo "1759"]
[PlyCount "71"]
[EventDate "2019.09.29"]
[EventType "team-tourn"]
[EventRounds "9"]
[EventCountry "GER"]
[SourceTitle "EXT 2023"]
[Source "ChessBase"]
[SourceDate "2022.10.05"]
[SourceVersion "1"]
[SourceVersionDate "2022.10.05"]
[SourceQuality "1"]
[WhiteTeam "Dessau II"]
[BlackTeam "Hettstedt"]
[WhiteTeamCountry "GER"]
[BlackTeamCountry "GER"]

1. e4 c6 2. d4 d5 3. exd5 cxd5 4. Bd3 Nc6 5. c3 Nf6 6. Bf4 Bg4 7. Qb3 b6 8. Nd2 Bd7 9. Ngf3 e6 10. 0-0 Be7 11. Rfe1 0-0 12. Qc2 h6 13. Ne5 Nh5 14. Be3 Nxe5 15. dxe5 Bg5 16. Qd1 Nf4 17. Bc2 Ng6 18. Nf3 Bxe3 19. Rxe3 f5 20. exf6 Qxf6 21. Qd3 Nf4 22. Qd2 Rae8 23. Rae1 Re7 24. Ne5 Be8 25. Rg3 g5 26. h4 Rg7 27. Ng4 Qe7 28. Nxh6+ Kh8 29. Nf5 Rxf5 30. Bxf5 e5 31. hxg5 Rxg5 32. Qxf4 exf4 33. Rxe7 fxg3 34. Rxe8+ Kg7 35. Bc2 gxf2+ 36. Kxf2 1-0

[Event "Sachsen-Anhalt Landesliga-B 1920"]
[Site "Sachsen Anhalt"]
[Date "2019.10.20"]
[Round "2.5"]
[White "Maechler, Frank"]
[Black "Hoericht, Michael"]
[Result "1/2-1/2"]
[WhiteElo "1687"]
[BlackElo "1604"]
[PlyCount "51"]
[EventDate "2019.09.29"]
[EventType "team-tourn"]
[EventRounds "9"]
[EventCountry "GER"]
[SourceTitle "EXT 2023"]
[Source "ChessBase"]
[SourceDate "2022.10.05"]
[SourceVersion "1"]
[SourceVersionDate "2022.10.05"]
[SourceQuality "1"]
[WhiteTeam "Naumburg II"]
[BlackTeam "Dessau II"]
[WhiteTeamCountry "GER"]
[BlackTeamCountry "GER"]

1. d4 Nf6 2. Nf3 e6 3. Nbd2 c5 4. e3 Nc6 5. c3 Be7 6. Bd3 d5 7. 0-0 0-0 8. a3 Qc7 9. b4 c4 10. Bc2 Bd6 11. h3 e5 12. dxe5 Nxe5 13. Bb2 Be6 14. Nxe5 Bxe5 15. Nf3 Bd6 16. Qd4 h6 17. Rad1 Rad8 18. Qh4 Be7 19. Qd4 b6 20. Rfe1 Rfe8 21. Ba4 Rf8 22. Bc2 Bd6 23. Qh4 Be7 24. Qd4 Bd6 25. Qh4 Be7 26. Qd4 1/2-1/2